01145 2200373 4500001002100000005001500021035002500036020002200061040001700083082001400100084001600114090002000130090002200150100002400172245014200196250003500338300005400373650003400427650002500461700001900486850001200505504003300517264003100550264000900581336001500590337001300605338001500618007000300633008004100636260003100677999002200708990002200730990001900752INLIS00000000001691520200527092522 a0010-021600000000003 a978-602-258-313-4 aYOPDYOGbind04222a373.2 a373.2 Leo s aDEP 618.6 Leo s aCB-D.11 2015-28620 aLeo Agung S,d1956-00aSejarah kurikulum sekolah menengah di Indonesia :bsejak kemerdekaan hingga reformasi /cpenulis, Leo Agung S; penyunting, Lia Noviastuti aCetakan pertama, November 2017 avi, 196 halaman :b: ilustrasi, grafik ;c; 23 cm 4aSekolah Menengah--zIndonesia 4aKurilulum--xSejarah0 aLia Noviastuti aYOPDYOG aBibliografi: halaman 161-163 0aYogyakarta :bOmbak,c2015 0a2015 2rdacontent 2rdamedia 2rdacarrierta160201p2015 yoia g ind d3 aYogyakarta :bOmbak,c2015 aCB-D.11 2015-2862 aCB-D.11/2015-1113 a1113-PD/A.2018